000 00532nam a22001817a 4500
003 Ost
005 20250318175824.0
008 250318b |||||||| |||| 00| 0 eng d
020 _a9788189928698
040 _cBT-PhCST
050 _a25220-25222
082 _a620.192
_bSET
100 _aSeth, S.P
245 _aA course in electrical engineering materials :
_bphysics, properties & applications /
260 _aNew Delhi :
_bDhanpat Rai Publications (P) Ltd,
_cc2015.
300 _axii, 9.20 p. :
_bill. ;
_c22 cm.
942 _2ddc
_cEE
999 _c9915
_d9915